<?xml version="1.0" encoding="UTF-8"?>
<collection xmlns="http://www.loc.gov/MARC21/slim">
<record>
  <controlfield tag="001">169961</controlfield>
  <controlfield tag="005">20260311144733.0</controlfield>
  <datafield tag="020" ind1=" " ind2=" ">
    <subfield code="a">978-84-10174-68-9</subfield>
  </datafield>
  <datafield tag="037" ind1=" " ind2=" ">
    <subfield code="a">BOOK-2026-259</subfield>
  </datafield>
  <datafield tag="041" ind1=" " ind2=" ">
    <subfield code="a">spa</subfield>
  </datafield>
  <datafield tag="100" ind1=" " ind2=" ">
    <subfield code="a">Bueso Guillén, Pedro José</subfield>
    <subfield code="b"></subfield>
  </datafield>
  <datafield tag="245" ind1=" " ind2=" ">
    <subfield code="a">Dominance, Bigtechs and digital payment services: regulatory approaches</subfield>
  </datafield>
  <datafield tag="260" ind1=" " ind2=" ">
    <subfield code="a">Barcelona</subfield>
    <subfield code="b">Atelier</subfield>
    <subfield code="c">2024</subfield>
  </datafield>
  <datafield tag="300" ind1=" " ind2=" ">
    <subfield code="a">189-208</subfield>
  </datafield>
  <datafield tag="500" ind1=" " ind2=" ">
    <subfield code="a">Enlace a la obra completa: https://doi.org/10.71237/zKo2YRpW. The resources required for the delivery at the III Valencia International Meeting on Competition Law «Dominance, dependence and mergers in digital markets» of the presentation that gives rise to this work, as well as for its drafting, have been financed by the Regional Government of Aragon Reference Research Group on Legal Management of Innovative Business, Instruments and Organisations - LegMiBIO (S12_23R), as well as by the research project of the of the Spanish Ministry of Science, Innovation and Universities (2023-2026), entitled «Blockchain and Corporate Law (2). Bigdata, Fintech and the protection of the user of financial services» (I+D PID2022-137502NB-I00).</subfield>
  </datafield>
  <datafield tag="520" ind1=" " ind2=" ">
    <subfield code="a">After defining Bigtechs for the purpose of this paper, it presents the status of their activity in the payment and E-money services EU internal market. Next it deals with the regulatory approaches called to face the leverage risk raising from the impact of their dominance in primary markets on the level playing field between the incumbents and these newcomers in the above mentioned financial services market. The regulatory mechanisms offered by the approaches based on the Law on Financial Services and on Competition Law are explored. The paper ends with some final remarks.</subfield>
  </datafield>
  <datafield tag="856" ind1="0" ind2=" ">
    <subfield code="f">lplumed@unizar.es</subfield>
  </datafield>
  <datafield tag="856" ind1="4" ind2=" ">
    <subfield code="u">http://zaguan.unizar.es/record/169961/files/BOOK-2026-259.pdf</subfield>
    <subfield code="z">Texto completo</subfield>
  </datafield>
  <datafield tag="909" ind1="C" ind2="O">
    <subfield code="o">oai:zaguan.unizar.es:169961</subfield>
    <subfield code="p">books</subfield>
  </datafield>
  <datafield tag="773" ind1=" " ind2=" ">
    <subfield code="t">New European Competition Trends in Digital Markets</subfield>
  </datafield>
  <datafield tag="540" ind1=" " ind2=" ">
    <subfield code="9">info:eu-repo/semantics/openAccess</subfield>
  </datafield>
  <datafield tag="506" ind1=" " ind2=" ">
    <subfield code="a">all-rights-reserved</subfield>
  </datafield>
  <datafield tag="980" ind1=" " ind2=" ">
    <subfield code="a">BOOK</subfield>
    <subfield code="b">CAPITULOS</subfield>
    <subfield code="b"></subfield>
  </datafield>
</record>
</collection>